| 000 | 00627nam a22001817a 4500 | ||
|---|---|---|---|
| 008 | 151113b xxu||||| |||| 00| 0 eng d | ||
| 020 | _a0803983867 | ||
| 041 | 0 | _aeng | |
| 080 | _a355.01 | ||
| 245 | 0 | 0 |
_aEnvironmental hazards of war : _cedited by Arthur H. Westing. |
| 260 |
_aLondon ; _aNewbury Park : _bSAGE Publications, _c1990. |
||
| 300 |
_axvi, 96 f. ; _c24 cm. |
||
| 650 | 0 |
_aLufta _xAspektet e mjedisit |
|
| 700 | 1 | _aWesting, Arthur H. | |
| 710 | 2 | _aInternational Peace Research Institute. | |
| 710 | 2 | _aUnited Nations Environment Programme. | |
| 942 |
_2udc _cBK |
||
| 999 |
_c1357 _d1357 |
||